O Conhecimento Comun = El conocimiento común /
Enregistré dans:
| Auteur principal: | |
|---|---|
| Format: | Inconnue |
| Langue: | Portuguese |
| Publié: |
Sao Pablo :
Editora Bralisleña,
1988.
|
| Sujets: | |
| Tags: |
Ajouter un tag
Pas de tags, Soyez le premier à ajouter un tag!
|
MARC
| LEADER | 000000000a22000000004500 | ||
|---|---|---|---|
| 001 | 012274 | ||
| 020 | |a 8511080651 | ||
| 041 | 0 | |a por | |
| 082 | 0 | 4 | |a 302.5 |b M187c |
| 100 | 1 | |a Maffeoli, Michel | |
| 245 | 1 | 0 | |a O Conhecimento Comun = |b El conocimiento común / |c Michel Maffeoli. |
| 260 | 1 | |a Sao Pablo : |b Editora Bralisleña, |c 1988. | |
| 300 | |a 291 páginas | ||
| 650 | 4 | |a SOCIOLOGIA | |
| 650 | 4 | |a IDEOLOGIA Y SOCIEDAD | |
| 650 | 4 | |a EPISTEMOLOGIA | |
| 500 | |a Colección George Yúdice | ||
| 999 | |c 18249 |d 18249 | ||
| 942 | |c BK |h 302.5 M187c |2 z | ||



